INFORMED CONSENT IN MEDICAL PRACTICE: PRINCIPLES AND CONVENTIONS (Record no. 216919)
[ view plain ]
| 000 -LEADER | |
|---|---|
| fixed length control field | 00527nam a22001697a 4500 |
| 008 - FIXED-LENGTH DATA ELEMENTS--GENERAL INFORMATION | |
| fixed length control field | 260401b |||||||| |||| 00| 0 eng d |
| 020 ## - INTERNATIONAL STANDARD BOOK NUMBER | |
| International Standard Book Number | 978-93-5270-993-9 |
| 100 ## - MAIN ENTRY--PERSONAL NAME | |
| Personal name | CHAVAN, KALIDAS D. |
| 245 ## - TITLE STATEMENT | |
| Title | INFORMED CONSENT IN MEDICAL PRACTICE: PRINCIPLES AND CONVENTIONS |
| 260 ## - PUBLICATION, DISTRIBUTION, ETC. | |
| Place of publication, distribution, etc. | NEW DELHI |
| Name of publisher, distributor, etc. | JAYPEE BROTHERS MEDICAL PUBLISHERS |
| Date of publication, distribution, etc. | 2019 |
| 300 ## - PHYSICAL DESCRIPTION | |
| Extent | XX, 170P. |
| 500 ## - GENERAL NOTE | |
| General note | INCLUDES BIBLOGRAPHICAL REFERENCES |
| 650 ## - SUBJECT ADDED ENTRY | |
| Topical term or geographic name entry element | CLINICAL MEDICINE |
| 700 ## - ADDED ENTRY--PERSONAL NAME | |
| Personal name | BANGAL, RAJENDRA |
| 942 ## - ADDED ENTRY ELEMENTS (KOHA) | |
| Source of classification or shelving scheme | Library of Congress Classification |
| Koha item type | Long Loan Book |
| Withdrawn status | Lost status | Source of classification or shelving scheme | Damaged status | Not for loan | Collection | Home library | Current library | Date acquired | Inventory number | Total checkouts | Full call number | Barcode | Date last seen | Copy number | Price effective from | Koha item type |
|---|---|---|---|---|---|---|---|---|---|---|---|---|---|---|---|---|
| Library of Congress Classification | Medicine | Kisii University Library | Kisii University Library | 04/01/2026 | 112668 | RC 728 .C43 2019 | A000705 | 04/01/2026 | 1 | 04/01/2026 | Long Loan Book | |||||
| Library of Congress Classification | Medicine | Kisii University Library | Kisii University Library | 04/01/2026 | 112669 | RC 728 .C43 2019 | A000707 | 04/01/2026 | 2 | 04/01/2026 | Long Loan Book | |||||
| Library of Congress Classification | Medicine | Kisii University Library | Kisii University Library | 04/01/2026 | 112670 | RC 728 .C43 2019 | A000710 | 04/01/2026 | 3 | 04/01/2026 | Long Loan Book | |||||
| Library of Congress Classification | Medicine | Kisii University Library | Kisii University Library | 04/01/2026 | 112671 | RC 728 .C43 2019 | A000712 | 04/01/2026 | 4 | 04/01/2026 | Long Loan Book |